Estudios americanos : revista de síntesis e interpretación histórica : revista de la Escuela de Estudios Hispanoamericanos de Sevilla /

La revista Estudios americanos nació con la intención de presentar un trabajo de síntesis e interpretación no sólo histórica, sino también literaria, jurídica y artística de carácter científico acerca de temas hispánicos. También desean ofrecer información acerca de distintos aspectos culturales sob...

Descripción completa

Guardado en:
Detalles Bibliográficos
Otros autores: Rodríguez Casado, Vicente (coordinación editorial) (coordinación editorial)
Formato: Libro
Idioma:Español
Temas:
Etiquetas: Agrega una etiqueta
Sin etiquetas, Sé el primero en etiquetar este registro!

MARC

LEADER 00000nam^a2200000^a^4500
001 000113698
005 20250521000000.0
009 20260310093952.567
037 |a Acervo ITESO - Biblioteca 
041 |a ESP 
082 |a 980. 005  |b EST V. 32 
240 1 1 |a [Estudios americanos] 
245 1 0 |a Estudios americanos :  |b revista de síntesis e interpretación histórica : revista de la Escuela de Estudios Hispanoamericanos de Sevilla /  |c Coord. editorial de V. Rodríguez Casado. 
264 |a Sevilla, España :  |b Escuela de Estudios Hispanoamericanos de Sevilla,  |c 1954 
300 |a p. 361-490 
336 |a texto  |b txt  |2 rdacontenido 
337 |a sin mediación  |b n  |2 rdamedio 
338 |a volumen  |b nc  |2 rdasoporte 
520 |a La revista Estudios americanos nació con la intención de presentar un trabajo de síntesis e interpretación no sólo histórica, sino también literaria, jurídica y artística de carácter científico acerca de temas hispánicos. También desean ofrecer información acerca de distintos aspectos culturales sobre los países de habla hispana. En este número presentan España en la historiografía argentina y La filosofía general del derecho en Miguel Reale. 
649 |a XX 
650 |a América -  |x Historia -  |x Publicaciones Periódicas Españolas 
650 |a España -  |x Historia -  |x Publicaciones Periódicas Españolas 
650 |a Historiografía -  |z Argentina 
650 |a Argentina -  |x Historia 
650 |a Filósofos Brasileños 
650 |a Derecho -  |x Filosofía 
650 |a Filosofía -  |z Brasil 
650 |a Reale, Miguel 
700 |a Rodríguez Casado, Vicente  |e (coordinación editorial) 
910 |a Fondo Salvador Reynoso Reynoso 
920 |a Impresos - Libros 
930 |a Fondos Especiales 
905 |a 112 
901 |a 0800002407  |b IT2  |c ESP  |u 20250521 
902 |a https://opac.biblio.iteso.mx/vufind/Record/000113698